000 00670nam a2200217 a 4500
001 67050
003 BD-RjUL
005 20211209081618.0
008 170322s1976 bg ||||| |||| 00| 0 eng d
035 _a(BD-RjUL)67181
040 _aBD-RjUL
_beng
_cBD-RjUL
041 _aeng
082 _223
_a338.1095492
_bBAA 1976
110 _aBangladesh Bureau of Statistics
_9219115
245 1 0 _aAgricultural production levels in Bangladesh (1947-1972) /
_cBangladesh Bureau of Statistics
260 _aDhaka :
_bBBS ,
_c[1976]
300 _axxv, 304 p. ;
_c25 cm.
650 _aField crops
_zBangladesh
_9198599
650 _aAgriculture
_zBangladesh
_9219114
942 _2ddc
_cBK
999 _c67050
_d67050